00496nam a2200181 a 450000100060000000300080000600500170001400800410003103500190007204000220009104100080011308200240012110000310014524500410017626000560021730000210027365000200029483049BD-RjUL20240212102750.0240212r19741962enk 000 0 eng d a(BD-RjUL)83049 aBARbengcBD-RjUL aeng 223a823.9bLEG 19741 aLessing, Doris,d1919-201314aThe golden notebook /cDoris Lessing aLondon :bMichael Joseph,cc1962, [Impression 1974] a567 p. ;c25 cm. aWomen novelists